| 000 | 00907pam a2200277 a 4500 | ||
|---|---|---|---|
| 999 |
_c18773 _d18773 |
||
| 001 | 460356 | ||
| 005 | 20170114091451.0 | ||
| 008 | 830124s1983 nyuaf b 001 0 eng | ||
| 010 | _a 83002268 | ||
| 020 | _a0195033485 | ||
| 020 | _a0195033493 (pbk.) | ||
| 050 | 0 | 0 | _aND237.R725A93 1983 |
| 100 | 1 | _aAshton, Dore. | |
| 245 | 1 | 0 |
_aAbout Rothko / _cDore Ashton. |
| 260 |
_aNew York : _bOxford University Press, _c1983. |
||
| 300 |
_a225 p., 16 p. of plates : _bill. (some col.) ; _c24 cm. |
||
| 500 | _aIncludes index. | ||
| 504 | _aBibliography: p. 203-207. | ||
| 600 | 1 | 0 |
_aRothko, Mark, _d1903-1970. |
| 650 | 0 |
_aPainters _zUnited States _xBiography. |
|
| 942 |
_2lcc _cBOOKS _hND237.R725A93 1983 |
||